| 000 | 00537nam a2200169 i 4500 | ||
|---|---|---|---|
| 001 | 164080 | ||
| 003 | ES-MaACL | ||
| 005 | 20250918063041.0 | ||
| 008 | 020111s1857 sp |||| | spa d | ||
| 040 |
_aCAM _bspa _cCAM |
||
| 100 | 1 |
_aRubio, Carlos, _d1833-1871 _9132152 |
|
| 245 | 1 | 3 |
_aLa flor del pantano / _cCarlos Rubio. |
| 260 |
_aMadrid : _b[s.n.], _c1857 ( _fImp. de La Iberia) |
||
| 300 |
_a148 p. ; _c17 cm. |
||
| 852 |
_aES-MaACL _jD-1811 _q- Port. deteriorada _z. - Legado M. de la Fuente |
||
| 999 |
_c164080 _d164080 |
||